<?xml version="1.0" encoding="UTF-8"?>
<marc:record xmlns:marc="http://www.loc.gov/MARC21/slim">
   <marc:leader>00000nam a2200000 a 4500</marc:leader>
   <marc:datafield ind1="1" ind2=" " tag="100">
      <marc:subfield code="a">Peseschkian, Hamid</marc:subfield>
      <marc:subfield code="4">ctb</marc:subfield>
      <marc:subfield code="e">Mitwirkende/-r</marc:subfield>
   </marc:datafield>
   <marc:datafield ind1="1" ind2=" " tag="100">
      <marc:subfield code="a">Voigt, Connie</marc:subfield>
      <marc:subfield code="4">ctb</marc:subfield>
      <marc:subfield code="e">Mitwirkende/-r</marc:subfield>
   </marc:datafield>
   <marc:datafield ind1="1" ind2=" " tag="100">
      <marc:subfield code="a">Herrler, Andreas</marc:subfield>
      <marc:subfield code="4">ctb</marc:subfield>
      <marc:subfield code="e">Mitwirkende/-r</marc:subfield>
   </marc:datafield>
   <marc:datafield ind1=" " ind2=" " tag="653">
      <marc:subfield code="a">Stressbewältigung</marc:subfield>
   </marc:datafield>
   <marc:datafield ind1=" " ind2=" " tag="653">
      <marc:subfield code="a">Selbstbestimmung</marc:subfield>
   </marc:datafield>
   <marc:datafield ind1=" " ind2=" " tag="653">
      <marc:subfield code="a">Kassette / Ratgeber/Lebenshilfe</marc:subfield>
   </marc:datafield>
   <marc:datafield ind1=" " ind2=" " tag="653">
      <marc:subfield code="a">Alltag/Lebensführung</marc:subfield>
   </marc:datafield>
   <marc:datafield ind1=" " ind2=" " tag="653">
      <marc:subfield code="a">Persönliche Entwicklung</marc:subfield>
   </marc:datafield>
   <marc:datafield ind1=" " ind2=" " tag="653">
      <marc:subfield code="a">CD</marc:subfield>
   </marc:datafield>
   <marc:datafield ind1=" " ind2=" " tag="653">
      <marc:subfield code="a">Ratgeber</marc:subfield>
   </marc:datafield>
   <marc:datafield ind1="0" ind2="0" tag="245">
      <marc:subfield code="a">Psychovampire</marc:subfield>
   </marc:datafield>
   <marc:datafield ind1="0" ind2="0" tag="245">
      <marc:subfield code="b">über den positiven Umgang mit Energieräubern</marc:subfield>
   </marc:datafield>
   <marc:datafield ind1="0" ind2="0" tag="245">
      <marc:subfield code="c">Hamid Peseschkian ; Connie Voigt. Ungekürzte Lesung von Andreas Herrler</marc:subfield>
   </marc:datafield>
   <marc:datafield ind1=" " ind2="1" tag="264">
      <marc:subfield code="a">Daun/Vulkaneifel</marc:subfield>
      <marc:subfield code="b">TechniSat Digital, Radioropa Hörbuch</marc:subfield>
      <marc:subfield code="c">2009</marc:subfield>
   </marc:datafield>
   <marc:datafield ind1="1" ind2=" " tag="520">
      <marc:subfield code="a">Angaben aus der Verlagsmeldung

Psychovampire (DAISY) / von Hamid Peseschkian, Connie Voigt

Manchmal reicht der bloße Gedanke an eine Person, um sich völlig ausgelaugt zu fühlen. Der
Chef, die Freundin oder ein Verwandter rauben uns jegliche Energie. Das Konzept der Psychovampire hilft beim Umgang mit diesen Zeitgenossen. Mit einem Augenzwinkern spüren die Autoren dem Phänomen des Psychovampirs nach. Anhand von Beispielen aus dem Alltag und der Arbeitswelt entlarven sie verschiedene Vampir-Typen. Praktische Methoden zeigen auf, wie man sich gegen diese wehrt und negative Einflüsse ins positive wendet. Ein Hörbuch, das Lust macht, über sich selbst zu reflektieren, und das hilft, die Lebenszufriedenheit zu erhöhen.

DAISY heißt: »Digital Accessible Information System« und bezeichnet die Standards und Technologien, die von den Blindenbüchereien der Welt für die neue digitale Hörbuchgeneration entwickelt werden. Um DAISY nutzen zu können, braucht der Hörer den »DAISY- Leser«. Diese Software wird auf allen RADIOROPA DAISY-Hörbüchern kostenlos mitgeliefert. Die Vorteile: Auf unsere DAISY-CDs passen bis zu 13 Stunden Hörbücher, auf eine handelsübliche Audio-CD nur ca. 80 Minuten. Besonders attraktiv ist die Navigationsfunktion. Mit ihr kann man im DAISY-Hörbuch von Kapitel zu Kapitel springen und per »Lesezeichen« Stellen markieren um später dort weiterzuhören. Zusatzinfos wie Klappentext, Coverbild, Laufzeit, Sprecher usw. können ebenfalls angezeigt werden. Da DAISY-Hörbücher im MP3-Format vorliegen, spielen auch die meisten handelsüblichen MP3-Player das Hörbuch ab ohne DAISY Zusatzfunktionen, aber mit allen Vorteilen einer MP3-CD.
</marc:subfield>
   </marc:datafield>
   <marc:datafield ind1=" " ind2=" " tag="020">
      <marc:subfield code="a">9783836804639</marc:subfield>
      <marc:subfield code="9">9783836804639</marc:subfield>
   </marc:datafield>
   <marc:datafield ind1=" " ind2=" " tag="041">
      <marc:subfield code="a">ger</marc:subfield>
   </marc:datafield>
   <marc:datafield ind1=" " ind2=" " tag="300">
      <marc:subfield code="a">4 CDs, 1 CD (MP3)</marc:subfield>
   </marc:datafield>
</marc:record>
